书目信息 |
| 题名: |
成功的考试方法
|
|
| 作者: | 多湖辉 著 ;韩秀英 译 | |
| 分册: | ||
| 出版信息: | 北京 商务印书馆国际有限公司 1997 |
|
| 页数: | 18,223页 | |
| 开本: | 17cm | |
| 丛书名: | 心理透视丛书 | |
| 单 册: | ||
| 中图分类: | G424.7 , B848 | |
| 科图分类: | ||
| 主题词: | 考试方法 , 个性心理学 , 人格心理学 | |
| 电子资源: | ||
| ISBN: | 7-80103-144-X | |
| 000 | 00772nam2 2200277 45 | |
| 001 | 1240051859 | |
| 005 | 20120929162103.60 | |
| 010 | @a7-80103-144-X@dCNY15.00 | |
| 100 | @a19980318d1997 em y0chiy0121 ea | |
| 101 | 1 | @achi@cjpn |
| 102 | @aCN@b110000 | |
| 105 | @af z 000yy | |
| 200 | 10 | @a成功的考试方法@Acheng gong de kao shi fang fa@f(日)多湖辉著@g韩秀英译 |
| 210 | @a北京@c商务印书馆国际有限公司@d1997 | |
| 215 | @a18,223页@c插图@d17cm | |
| 225 | 2 | @a心理透视丛书 |
| 410 | 0 | @120010@a心理透视丛书 |
| 606 | 0 | @a考试方法 |
| 606 | 0 | @a个性心理学 |
| 606 | 0 | @a人格心理学 |
| 690 | @aG424.7@v3 | |
| 690 | @aB848@v4 | |
| 701 | 0 | @a多湖辉@Aduo hu hui@4著 |
| 702 | 0 | @a韩秀英@Ahan xiu ying@4译 |
| 801 | 0 | @aCN@bTSSF@c19980402 |
| 905 | @a10447@dB848@eJY103 | |
| 成功的考试方法/(日)多湖辉著/韩秀英译.-北京:商务印书馆国际有限公司,1997 |
| 18,223页:插图;17cm.-(心理透视丛书) |
| ISBN 7-80103-144-X:CNY15.00 |
| ● |
| 相关链接 |
|
|
|
|
正题名:成功的考试方法
索取号:B848/JY103
 
预约/预借
| 序号 | 登录号 | 条形码 | 馆藏地/架位号 | 状态 | 备注 |
| 1 | 7830335 | 278303355 | 学院路分馆/ [索取号:B848/JY103] | 在馆 | |
| 2 | 7830336 | 278303364 | 学院路分馆/ [索取号:B848/JY103] | 在馆 |